000 00832nam a2200253 a 4500
001
003 DO-SdBNP
005 20210818100351.0
008 100222s1985 dr a 001 0 spa d
040 _aDO-SdBNP
_bspa
_cBPMSU
082 _a303.34
_bG124L, 1985.
_222
100 1 _aGadea, Jorge A.
245 1 4 _aLos líderes se hacen no nacen :
_bmanual práctico de entrenamiento de líderes /
_cJorge A. Gardea.
250 _a3a. ed.
260 _aSanto Domingo :
_bInstituto de Entrenamiento de Líderes,
_c1985.
300 _av. ;
_c21 cm.
_b
500 _aIncluye datos biográficos del autor en la contracubierta
500 _a
505 0 _av. 1 : Liderismo en acción.
590 _aInventariado, 2021/VM
650 4 _aLiderazgo
_xEnseñanza
_vManuales
_zRepública Dominicana
910 _aVMateo V.
942 _2ddc
_cBK
999 _c13656
_d13656